000 00591nam a2200169 4500
008 160521b xxu||||| |||| 00| 0 eng d
020 _a9718729356
082 _22002
_aDFil 499.211
_bO1m
100 _98720
_aOcampo, Nilo S.
245 _aMay gawa na kaming natapus dini:
_bsi Rizal at ang wikang tagalog/
_cNilo S. Ocampo.
260 _aQuezon City:
_bUniversity of the Philippines;
_cc2002.
300 _aix, 590 pages:
_billustrations;
_c25 cm.
500 _aIncludes bibliographical references and index.
650 0 _98722
_aFilipino language
365 _b750.00
_cPhp
942 _2ddc
_cDFIL
999 _c2648
_d2648